Statistiken für UEFA Champions League (Beste dt. Teilnehmer) #1

Klicken Sie hier um das Quiz zu spielen!

Allgemein

  • Dieses Quiz wurde 127 mal gespielt
  • Das Durchschnittsergebnis liegt bei 5 aus 7

Antwortstatistiken

Verein% Korrekt
FC Bayern München
100%
Borussia Dortmund
94%
RB Leipzig
74%
FC Schalke 04
71%
Bayer 04 Leverkusen
69%
VfL Wolfsburg
32%
1. FC Kaiserslautern
20%

Verteilung der Resultate

Perzentil nach korrekt beantworteten Fragen

Anzahl Personen mit jedem Resultat

Ihre Resultats-Entwicklung

Sie haben dieses Quiz noch nicht gespielt